000 00589nam a2200169 4500
008 161213b xxu||||| |||| 00| 0 eng d
020 _a9-71032822-0
082 _22006
_aDFil 959.9
_bN42
245 _aThe new Philippine almanac/
_cEncleare Foundation.
250 _a2007 edition
260 _a[Manila, Philippines]:
_bEncleare Foundation,
_cc2006.
300 _aix, 481 pages:
_billustrations;
_c28 cm.
500 _aIncludes bibliographical references and index.
650 0 _918255
_aAlmanacs
_zPhilippines
650 0 _918256
_zPhilippines
_vMiscellanea
942 _2ddc
_cDFIL
999 _c6014
_d6014